Problemas: pedagogía y psicología de la matemática en la actividad de resolución de problemas
Uloženo v:
| Hlavní autor: | |
|---|---|
| Médium: | Kniha |
| Jazyk: | španělština |
| Vydáno: |
Madrid
Síntesis
1997
|
| Témata: | |
| Tagy: |
Přidat tag
Žádné tagy, Buďte první, kdo vytvoří štítek k tomuto záznamu!
|
MARC
| LEADER | 00000nam a2200000 a 4500 | ||
|---|---|---|---|
| 001 | UCP0188 | ||
| 003 | CL-VaPUC | ||
| 008 | 990305e19970000SP |||||||||||||||||spa|d | ||
| 082 | 0 | 4 | |a 372.7 |b DAM |2 21 |
| 100 | 0 | |a D'Amore, Bruno |e author |9 425172 | |
| 245 | 1 | 0 | |a Problemas: pedagogía y psicología de la matemática en la actividad de resolución de problemas |
| 300 | |a 238 p | ||
| 942 | |c BK | ||
| 945 | |d 19990305 00:00:00 |a aarredon | ||
| 260 | |a Madrid |b Síntesis |c 1997 | ||
| 650 | 0 | |a Matemática |9 260235 | |
| 650 | 0 | |a Métodos de enseñanza |9 270413 | |
| 650 | 0 | |a Resolución de problemas |9 407199 | |
| 650 | 0 | |a Aprendizaje |9 254827 | |
| 650 | 0 | |a Motivación en educación |9 307828 | |
| 650 | 0 | |a Matemáticas |x Enseñanza |9 875527 | |
| 583 | |a last modification |c 20130306 01:36:50 |k Rodrigo Vera | ||
| 999 | |c 279029 |d 279027 | ||
| 952 | |0 0 |1 0 |4 0 |6 372_700000000000000_DAM_1997 |7 0 |8 A |9 317922 |a BIBEDU |b BIBEDU |d 2019-11-20 |i 4757815 |o 372.7 DAM 1997 |p 4757815 |r 2019-11-20 |w 2019-11-20 |y BK |k EPE | ||